000
00311nam a2200133Ia 4500
008
230917s9999||||xx |||||||||||||| ||und||
040
_e
159786
_a
MAIN
041
_a
English
082
_a
891.2109 V459A
100
_a
Vats, Karambir
245
0
_a
Alankaron ka udabhav aur vikas
300
_a
75 p.
942
_c
TH
999
_c
72986
_d
72986